Insjö-Esbo dess vattennamn, natur, historia och framtid

Podrobná bibliografia
Ďalší autori: Paikkala, Sirkka (edi), Stenmark, Erik (Prekladateľ)
Médium: Kniha
Jazyk:fínčina
Fyzický popis:128 s., [8] s. obr. príl. fotogr. 25 cm
Vydavateľské údaje: Esbo Esbo stadsplaneringsverks namnenhet 1993
ISBN:9518572216
Predmet:

MARC

LEADER 00000nam a2200000 a 4500
001 vtls001447204
003 SK-MaSNL
005 20260301203036.0
008 021230sm y0 FI ab r 0 fin
020 |a 9518572216 
035 |a SNK000402460 
040 |a SNK  |b slo  |c SNK  |e AACR2 
044 |a FI 
072 7 |a 913(4)  |x Geografia Európy, reálie, cestovanie  |2 konspekt 
080 |a 908(480)  |2 1981 
080 |a 574.5(285.2)  |2 1981 
080 |a 502.2(480)  |2 1981 
080 |a (048.8)  |2 1981 
245 1 |a Insjö-Esbo  |b dess vattennamn, natur, historia och framtid  |c redigerad av Sirkka Paikkala ; översättning Erik Stenmark 
260 |a Esbo  |b Esbo stadsplaneringsverks namnenhet  |c 1993 
300 |a 128 s., [8] s. obr. príl.  |b fotogr.  |c 25 cm 
500 |a S venovaním a podpisom redaktora 
650 0 7 |a jazerné ekosystémy  |2 SNK  |9 169935 
650 0 7 |a prírodné pomery  |2 SNKPH  |9 3874 
651 7 |a Espoo (Fínsko)  |2 SNKPHgeo  |9 79468 
655 7 |a príručky  |2 SNK  |9 74364 
655 7 |a štúdie  |2 SNK  |9 57033 
700 1 |a Paikkala, Sirkka  |4 edi  |9 585966 
700 1 |a Stenmark, Erik  |4 prk  |9 585967 
752 |d Espoo 
919 |a 951-857-221-6 
999 |c 901136  |d 903066 
952 |t P60, <04>, [BOOK], {604}  |a SNK  |b SNK  |y VYP  |7 0  |p 17A0369140  |o snkIC 130437  |i snkK 923/2002  |0 0  |1 0  |4 0  |d 2002-12-30  |l 0  |r 2005-01-02 00:00:00  |w 2026-02-24